[Event "Bayern-chTT (RL Nord-West)"]
[Site "Bayern 2008/09"]
[Date "2009.03.01"]
[Round "7.5"]
[White "Hanft, Michael"]
[Black "Burgemeister, Wolfgang"]
[Result "1/2-1/2"]
[WhiteElo "1977"]
[BlackElo "1979"]
[PlyCount "64"]
[EventDate "2009.03.??"]
[EventType "team-tourn"]
[EventRounds "9"]
[WhiteTeam "Kitzingen 1"]
[BlackTeam "Nordhalben 1"]

1. d4 g6 2. c4 d6 3. e4 e5 4. Ne2 Bg7 5. Nbc3 Nc6 6. d5 Nce7 7. g3 f5 8. Bg2
Nf6 9. O-O O-O 10. f4 Nxe4 11. Nxe4 fxe4 12. Bxe4 Bh3 13. Bg2 Qd7 14. Qc2 Bxg2
15. Kxg2 c6 16. Qd3 b5 17. Nc3 b4 18. Ne4 cxd5 19. cxd5 h6 20. Rb1 Kh7 21. Be3
Nf5 22. Bd2 a5 23. fxe5 Bxe5 24. Bf4 Nh4+ 25. Kh1 Qh3 26. Qe2 Bxf4 27. Rxf4
Rxf4 28. gxf4 Nf5 29. Rg1 Qh4 30. Nxd6 Qxf4 31. Nxf5 Qxf5 32. Rd1 Ra7 1/2-1/2

[Event "Bayern-chTT (RL Nord-West)"]
[Site "Bayern 2008/09"]
[Date "2009.03.01"]
[Round "7.6"]
[White "Schultes, Dieter"]
[Black "Kwossek, Georg"]
[Result "1/2-1/2"]
[WhiteElo "1876"]
[BlackElo "1981"]
[PlyCount "46"]
[EventDate "2009.03.??"]
[EventType "team-tourn"]
[EventRounds "9"]
[WhiteTeam "Nordhalben 1"]
[BlackTeam "Kitzingen 1"]

1. Nf3 Nf6 2. g3 g6 3. Bg2 Bg7 4. d4 O-O 5. O-O d6 6. c3 c5 7. dxc5 dxc5 8.
Nbd2 Nc6 9. Qc2 Bd7 10. b3 Qc8 11. Re1 b5 12. Ba3 b4 13. Bb2 Nd5 14. cxb4 Ndxb4
15. Qc1 Nd4 16. Nxd4 cxd4 17. Bxa8 Qxa8 18. Qc5 Bh3 19. f3 a5 20. Qxe7 Nd5 21.
Qh4 Qa7 22. Kh1 Be6 23. g4 Ne3 1/2-1/2

[Event "Bayern-chTT (RL Nord-West)"]
[Site "Bayern 2008/09"]
[Date "2009.03.01"]
[Round "7.7"]
[White "Gernert, Ingolf"]
[Black "Zimmermann, Frank(61)"]
[Result "1-0"]
[WhiteElo "1971"]
[BlackElo "1764"]
[PlyCount "76"]
[EventDate "2009.03.??"]
[EventType "team-tourn"]
[EventRounds "9"]
[WhiteTeam "Kitzingen 1"]
[BlackTeam "Nordhalben 1"]

1. e4 d5 2. exd5 Qxd5 3. Nc3 Qd6 4. Nf3 Bg4 5. d4 c6 6. Be3 Nf6 7. h3 Bxf3 8.
Qxf3 e6 9. Bd3 Nd5 10. Nxd5 Qxd5 11. Qg3 Qd6 12. Bf4 Qd8 13. O-O Nd7 14. Bc7
Qe7 15. a3 Nf6 16. c4 Rc8 17. Bb8 b6 18. Be5 Nd7 19. Bf4 h6 20. h4 Qf6 21. Be5
Nxe5 22. dxe5 Qe7 23. b4 g6 24. f4 a5 25. Rab1 axb4 26. axb4 Qa7 27. Be4 Qa4
28. h5 Bxb4 29. hxg6 Rg8 30. f5 Bc5+ 31. Kh2 fxg6 32. fxe6 g5 33. Qf3 Rf8 34.
Bg6+ Ke7 35. Bf7 Kd8 36. Qd3+ Kc7 37. Qd7+ Kb8 38. Ra1 Ba3 1-0

[Event "Bayern-chTT (RL Nord-West)"]
[Site "Bayern 2008/09"]
[Date "2009.03.01"]
[Round "7.8"]
[White "Stumpf, Hilmar"]
[Black "Eckert, Leo"]
[Result "0-1"]
[WhiteElo "1866"]
[BlackElo "1871"]
[PlyCount "106"]
[EventDate "2009.03.??"]
[EventType "team-tourn"]
[EventRounds "9"]
[WhiteTeam "Nordhalben 1"]
[BlackTeam "Kitzingen 1"]

1. d4 Nf6 2. c4 e6 3. e3 d5 4. Nf3 c6 5. a3 Bd6 6. Be2 O-O 7. Nc3 Nbd7 8. Qb3
Qe7 9. O-O dxc4 10. Bxc4 b5 11. Be2 a6 12. Qc2 c5 13. Ng5 Bb7 14. f4 Rac8 15.
Qd3 cxd4 16. exd4 Nb6 17. Bf3 Rfd8 18. Nce4 Bxe4 19. Bxe4 Nxe4 20. Qxe4 g6 21.
Bd2 Nc4 22. Bc3 Bb8 23. Kh1 Rd5 24. g3 Ba7 25. Rfe1 Qd7 26. Nf3 Nd6 27. Qe2 Nf5
28. Ne5 Qb7 29. Qe4 Nd6 30. Qf3 Bxd4 31. Ng4 Bxc3 32. bxc3 Rd3 33. Qxb7 Nxb7
34. a4 Rdxc3 35. axb5 axb5 36. Rab1 Nd6 37. Red1 R8c6 38. Ne5 Ra6 39. Rb2 f6
40. Ng4 Kf7 41. Nf2 e5 42. Rbd2 Ke6 43. Rxd6+ Rxd6 44. Rxd6+ Kxd6 45. Ne4+ Kd5
46. Nxc3+ Kc4 47. Nb1 b4 48. Nd2+ Kd3 49. Nb3 e4 50. Kg1 Kc3 51. Nc5 f5 52. h3
h5 53. Kf2 b3 0-1

[Event "Bayern-chTT (RL Nord-West)"]
[Site "Bayern 2008/09"]
[Date "2009.03.01"]
[Round "7.1"]
[White "Englert, Fabian"]
[Black "Weigand, Hans-Christian"]
[Result "1-0"]
[WhiteElo "2174"]
[BlackElo "2001"]
[PlyCount "43"]
[EventDate "2009.03.??"]
[EventType "team-tourn"]
[EventRounds "9"]
[WhiteTeam "Klingenberg 1"]
[BlackTeam "Kronach 1"]

1. Nf3 d5 2. c4 c6 3. g3 dxc4 4. Bg2 Nf6 5. O-O g6 6. a4 Bg7 7. Na3 O-O 8. Nxc4
Be6 9. d3 Bxc4 10. dxc4 Qxd1 11. Rxd1 Nbd7 12. a5 Nc5 13. b4 Nb3 14. Rb1 Nxc1
15. Rbxc1 a6 16. Ne5 Rfd8 17. Nxc6 Rxd1+ 18. Rxd1 bxc6 19. Bxc6 Ra7 20. b5 axb5
21. cxb5 Rxa5 22. Rd8+ 1-0

[Event "Bayern-chTT (RL Nord-West)"]
[Site "Bayern 2008/09"]
[Date "2009.03.01"]
[Round "7.2"]
[White "Stauch, Edgar"]
[Black "Strobel, Walter(53)"]
[Result "0-1"]
[WhiteElo "2090"]
[BlackElo "2127"]
[PlyCount "77"]
[EventDate "2009.03.??"]
[EventType "team-tourn"]
[EventRounds "9"]
[WhiteTeam "Kronach 1"]
[BlackTeam "Klingenberg 1"]

1. c4 e6 2. g3 d5 3. Bg2 Nf6 4. Nf3 c6 5. O-O dxc4 6. a4 Be7 7. Na3 b6 8. Nxc4
Qc7 9. b3 O-O 10. Bb2 Bb7 11. Be5 Qd8 12. Qc2 c5 13. Bxf6 Bxf6 14. Ng5 Bxg5 15.
Bxb7 Nd7 16. Bxa8 Qxa8 17. Rad1 Bf6 18. Nd6 Be7 19. Nb5 h5 20. d4 Nf6 21. dxc5
Bxc5 22. Qc4 a5 23. Qf4 Qc6 24. Rd3 e5 25. Qxe5 Re8 26. Qc7 Qe6 27. Rd8 Qxe2
28. Rxe8+ Nxe8 29. Qd8 Kh7 30. Nc3 Qe5 31. Qd3+ f5 32. h4 Nf6 33. Kg2 Ng4 34.
Nd5 g5 35. hxg5 h4 36. Nf4 hxg3 37. Rh1+ Kg8 38. Qd8+ Bf8 39. Rh4 0-1

[Event "Bayern-chTT (RL Nord-West)"]
[Site "Bayern 2008/09"]
[Date "2009.03.01"]
[Round "7.3"]
[White "Kraich, Klaus"]
[Black "Herdin, Hans-Ulrich"]
[Result "0-1"]
[WhiteElo "2100"]
[BlackElo "2050"]
[PlyCount "86"]
[EventDate "2009.03.??"]
[EventType "team-tourn"]
[EventRounds "9"]
[WhiteTeam "Klingenberg 1"]
[BlackTeam "Kronach 1"]

1. e4 e6 2. d4 d5 3. e5 Qd7 4. Nf3 b6 5. Be3 Ba6 6. Bxa6 Nxa6 7. Qe2 Nb8 8. O-O
Ne7 9. c4 dxc4 10. Qxc4 Nd5 11. Nc3 Nc6 12. Rac1 Nxc3 13. Rxc3 Nb4 14. Qxc7
Nxa2 15. Rc4 b5 16. Rc6 Nb4 17. Rcc1 h6 18. Nd2 Nd5 19. Qc6 Qxc6 20. Rxc6 Kd7
21. Rfc1 Be7 22. Ra6 Rhb8 23. Ne4 Rb6 24. Raa1 Rc6 25. Kf1 a5 26. Rxc6 Kxc6 27.
Rc1+ Kb6 28. Nc3 a4 29. Nxd5+ exd5 30. Bd2 b4 31. Ke2 g5 32. h3 a3 33. bxa3
bxa3 34. Bc3 f6 35. Kd3 a2 36. exf6 Bxf6 37. Re1 Kb5 38. Bb2 Ra4 39. Rc1 Rb4
40. Bc3 Rb1 41. Rc2 Rd1+ 42. Ke3 Kc4 43. Ke2 Rb1 0-1

[Event "Bayern-chTT (RL Nord-West)"]
[Site "Bayern 2008/09"]
[Date "2009.03.01"]
[Round "7.4"]
[White "Lechleitner, Walter"]
[Black "Kuhn, Tobias(85)"]
[Result "0-1"]
[WhiteElo "2002"]
[BlackElo "2053"]
[PlyCount "92"]
[EventDate "2009.03.??"]
[EventType "team-tourn"]
[EventRounds "9"]
[WhiteTeam "Kronach 1"]
[BlackTeam "Klingenberg 1"]

1. d4 Nf6 2. c4 g6 3. Nc3 Bg7 4. e4 d6 5. Be2 O-O 6. Bg5 c5 7. d5 a6 8. a4 Nbd7
9. Nf3 Ne5 10. Nd2 h6 11. Bh4 Bd7 12. Bxf6 exf6 13. f4 f5 14. fxe5 f4 15. O-O
dxe5 16. a5 h5 17. Nb3 Rc8 18. Na4 Bxa4 19. Rxa4 Qd6 20. Nc1 Rc7 21. Rf3 f5 22.
Rb3 fxe4 23. Rb6 Qd7 24. Rxg6 f3 25. gxf3 exf3 26. Bf1 Qf5 27. Rg3 h4 28. Bh3
Qf4 29. Rg4 f2+ 30. Kh1 f1=Q+ 31. Bxf1 Qxf1+ 32. Qxf1 Rxf1+ 33. Rg1 Rcf7 34.
Ra3 Kf8 35. Ne2 R1f2 36. Re3 R7f5 37. Rg2 R2f3 38. Rxf3 Rxf3 39. Kg1 Bh6 40.
Rg4 Be3+ 41. Kh1 Rf1+ 42. Ng1 h3 43. Rg3 Bf2 44. Rg4 e4 45. d6 e3 46. b4 Bxg1
0-1

[Event "Bayern-chTT (RL Nord-West)"]
[Site "Bayern 2008/09"]
[Date "2009.03.01"]
[Round "7.5"]
[White "Wambach, Juergen"]
[Black "Becker, Alexander(63)"]
[Result "1-0"]
[WhiteElo "1975"]
[BlackElo "1992"]
[PlyCount "75"]
[EventDate "2009.03.??"]
[EventType "team-tourn"]
[EventRounds "9"]
[WhiteTeam "Klingenberg 1"]
[BlackTeam "Kronach 1"]

1. c4 c5 2. Nc3 Nc6 3. g3 g6 4. Bg2 Bg7 5. e3 Nh6 6. Nge2 Nf5 7. d3 e6 8. a3
Rb8 9. Rb1 a5 10. b3 d6 11. Bb2 Bd7 12. Qd2 h5 13. h3 e5 14. Nb5 Nce7 15. Nec3
Bc6 16. O-O O-O 17. a4 Bxg2 18. Kxg2 b6 19. Nd5 Nxd5 20. cxd5 Qg5 21. Qe2 Rfd8
22. e4 Nd4 23. Bxd4 exd4 24. f4 Qh6 25. Rbe1 f6 26. Qf3 Rb7 27. Re2 Rf7 28. Kh1
Bh8 29. Na3 Rb7 30. Rg1 Bg7 31. Nc4 Qh8 32. g4 Kf8 33. g5 f5 34. exf5 gxf5 35.
Re6 Re7 36. Rge1 Red7 37. Qe2 Qh7 38. Re8+ 1-0

[Event "Bayern-chTT (RL Nord-West)"]
[Site "Bayern 2008/09"]
[Date "2009.03.01"]
[Round "7.6"]
[White "Hoermann, Fabian"]
[Black "Suess, Mirco"]
[Result "0-1"]
[WhiteElo "1978"]
[BlackElo "1930"]
[PlyCount "136"]
[EventDate "2009.03.??"]
[EventType "team-tourn"]
[EventRounds "9"]
[WhiteTeam "Kronach 1"]
[BlackTeam "Klingenberg 1"]

1. e4 e6 2. d4 d5 3. Nc3 Bb4 4. e5 Qd7 5. Nge2 b6 6. a3 Bxc3+ 7. Nxc3 Ba6 8.
Bxa6 Nxa6 9. Qd3 Nb8 10. Be3 Ne7 11. O-O Nbc6 12. b4 Nf5 13. Rad1 Nce7 14. g4
Nxe3 15. fxe3 h5 16. g5 O-O 17. Qe2 g6 18. Qf2 c5 19. dxc5 bxc5 20. Ne4 Qc7 21.
Nxc5 Qxe5 22. Nd7 Qxg5+ 23. Kh1 Nf5 24. Nxf8 Rxf8 25. Rfe1 Nd6 26. Qf4 Qxf4 27.
exf4 Rc8 28. Re2 Rc4 29. Red2 Rxf4 30. Rd4 Rf3 31. R4d3 Rf2 32. Rc3 Nb5 33.
Rc8+ Kg7 34. a4 Na3 35. c3 Rc2 36. Rc7 Nc4 37. Rf1 Ne5 38. b5 d4 39. Rc5 d3 40.
Rxe5 d2 41. Re2 Rc1 42. Rxd2 Rxf1+ 43. Kg2 Ra1 44. Rd4 Ra3 45. Rc4 Kf6 46. Kf2
Ke5 47. Ke3 f5 48. Rc5+ Kd6 49. Rc6+ Kd5 50. Kd3 Rxa4 51. c4+ Ke5 52. Rc8 Ra3+
53. Kc2 Kd4 54. Kb2 Ra5 55. Kb3 f4 56. Kb4 Ra1 57. Rd8+ Ke4 58. c5 Rb1+ 59. Ka5
Ra1+ 60. Kb4 f3 61. Rf8 Ke3 62. c6 f2 63. c7 Rc1 64. Rf6 Rxc7 65. Rxe6+ Kd4 66.
Rd6+ Ke5 67. Rd1 Ke4 68. Ra1 Rf7 0-1

[Event "Bayern-chTT (RL Nord-West)"]
[Site "Bayern 2008/09"]
[Date "2009.03.01"]
[Round "7.7"]
[White "Zoeller, Bernd"]
[Black "Horther, Heinrich"]
[Result "1/2-1/2"]
[WhiteElo "1904"]
[BlackElo "1991"]
[PlyCount "28"]
[EventDate "2009.03.??"]
[EventType "team-tourn"]
[EventRounds "9"]
[WhiteTeam "Klingenberg 1"]
[BlackTeam "Kronach 1"]

1. c4 e6 2. Nf3 d5 3. g3 Nf6 4. Bg2 Be7 5. O-O O-O 6. d4 c5 7. dxc5 Bxc5 8. a3
a6 9. b4 Be7 10. Qb3 dxc4 11. Qxc4 b5 12. Qc2 Bb7 13. Nc3 Nbd7 14. Bb2 Rc8
1/2-1/2

[Event "Bayern-chTT (RL Nord-West)"]
[Site "Bayern 2008/09"]
[Date "2009.03.01"]
[Round "7.8"]
[White "Schmierer, Hans-Joachim"]
[Black "Link, Klaus"]
[Result "1-0"]
[WhiteElo "1819"]
[BlackElo "1935"]
[PlyCount "81"]
[EventDate "2009.03.??"]
[EventType "team-tourn"]
[EventRounds "9"]
[WhiteTeam "Kronach 1"]
[BlackTeam "Klingenberg 1"]

1. Nf3 d5 2. g3 c6 3. Bg2 Nf6 4. d3 Bg4 5. O-O Nbd7 6. h3 Bxf3 7. Bxf3 e5 8.
Nd2 Be7 9. c4 O-O 10. Rb1 a5 11. a3 Qc7 12. b4 axb4 13. axb4 Ra2 14. Qb3 Rfa8
15. cxd5 cxd5 16. Bxd5 Nxd5 17. Qxd5 Nf6 18. Qc4 Qd7 19. Kg2 b5 20. Qc3 Nd5 21.
Qxe5 Bf6 22. Qh5 Nc3 23. Rb2 Qe6 24. Rxa2 Rxa2 25. e3 Be7 26. Qg4 f5 27. Qf4
Bd6 28. Qd4 Ne2 29. Qb6 h6 30. Qxb5 Nxc1 31. Qc4 Kf7 32. Qxc1 Bxb4 33. Nf3 Ba3
34. Qc7+ Kg8 35. Qe5 Qg6 36. Qd5+ Qf7 37. Qxf7+ Kxf7 38. Rb1 g5 39. Rb7+ Kg6
40. Rb6+ Kg7 41. Ra6 1-0

[Event "Bayern-chTT (RL Nord-West)"]
[Site "Bayern 2008/09"]
[Date "2009.03.01"]
[Round "7.1"]
[White "Braeutigam, Thomas"]
[Black "Schramm, Christian(73)"]
[Result "0-1"]
[WhiteElo "2036"]
[BlackElo "2261"]
[PlyCount "154"]
[EventDate "2009.03.??"]
[EventType "team-tourn"]
[EventRounds "9"]
[WhiteTeam "Würzburg 2"]
[BlackTeam "Obernau 1"]

1. d4 e6 2. c4 Nf6 3. Nf3 b6 4. g3 Ba6 5. b3 Bb4+ 6. Bd2 Be7 7. Nc3 Bb7 8. Bg2
c5 9. O-O O-O 10. Bg5 d6 11. dxc5 bxc5 12. Re1 h6 13. Bf4 Nc6 14. Nb5 Ne8 15.
e4 g5 16. Bc1 Bf6 17. Rb1 a6 18. Na3 Ng7 19. Nc2 Ne8 20. h3 a5 21. Nh2 Bg7 22.
Bb2 e5 23. Ne3 Nd4 24. Bxd4 cxd4 25. Nf5 Nf6 26. Ng4 Kh7 27. Qd3 Nd7 28. Qd2
Nf6 29. Rbc1 Bc8 30. c5 Nxg4 31. hxg4 Bxf5 32. exf5 d5 33. c6 Qd6 34. Qc2 e4
35. Qc5 Rfd8 36. c7 Qxc5 37. Rxc5 Rdc8 38. Rxd5 Rxc7 39. Bxe4 Bf6 40. Bd3 Kg7
41. a4 Rc3 42. Bc4 Rd8 43. Rxd8 Bxd8 44. Rd1 Bb6 45. Kg2 Rc2 46. Rd3 Kf6 47.
Kf3 Ke7 48. Bd5 f6 49. Bc4 Kd6 50. Rd1 Kc5 51. Ke4 Kb4 52. f4 Rc3 53. Rd3 Rc1
54. Kd5 gxf4 55. gxf4 Rg1 56. Ke6 Rxg4 57. Kxf6 h5 58. Rh3 h4 59. Ke5 Kc5 60.
Rf3 Rg3 61. Ke4 Rxf3 62. Kxf3 Bd8 63. Kg4 Kb4 64. Kf3 Kc3 65. Ke2 Kc2 66. Bd3+
Kxb3 67. Bb5 Kc2 68. Bd3+ Kc3 69. Bb5 h3 70. Kd1 h2 71. Bc6 Kd3 72. Bb7 Bh4 73.
Bc6 Be7 74. Ke1 Ke3 75. Kd1 Kf2 76. Kd2 Kg1 77. Kd3 Bf6 0-1

[Event "Bayern-chTT (RL Nord-West)"]
[Site "Bayern 2008/09"]
[Date "2009.03.01"]
[Round "7.2"]
[White "Scherer, Ralf"]
[Black "Kuhn, Norbert"]
[Result "1/2-1/2"]
[WhiteElo "2120"]
[BlackElo "2084"]
[PlyCount "60"]
[EventDate "2009.03.??"]
[EventType "team-tourn"]
[EventRounds "9"]
[WhiteTeam "Obernau 1"]
[BlackTeam "Würzburg 2"]

1. Nf3 d5 2. g3 c5 3. Bg2 Nc6 4. O-O e5 5. d3 Nf6 6. Nbd2 Be7 7. e4 dxe4 8.
dxe4 O-O 9. Qe2 Nd4 10. Nxd4 cxd4 11. h3 Qc7 12. Qc4 Qb6 13. Qb3 Be6 14. Qd3
Rac8 15. Rd1 Rc7 16. f4 Rfc8 17. fxe5 Nd7 18. Nf3 Bc4 19. Qd2 Ba6 20. Kh2 Rxc2
21. Qxd4 Be2 22. Qxd7 Bxd1 23. Qxd1 Qf2 24. Ne1 Re2 25. Bf4 g5 26. Qd7 Rcc2 27.
Qxe7 Rxe1 28. Qxg5+ Kf8 29. Qd8+ Kg7 30. Qf6+ Kg8 1/2-1/2

[Event "Bayern-chTT (RL Nord-West)"]
[Site "Bayern 2008/09"]
[Date "2009.03.01"]
[Round "7.3"]
[White "Gehlert, Klaus"]
[Black "Frey, Michael(77)"]
[Result "1/2-1/2"]
[WhiteElo "2069"]
[BlackElo "2058"]
[PlyCount "39"]
[EventDate "2009.03.??"]
[EventType "team-tourn"]
[EventRounds "9"]
[WhiteTeam "Würzburg 2"]
[BlackTeam "Obernau 1"]

1. d4 f5 2. c4 Nf6 3. g3 g6 4. Bg2 Bg7 5. Nc3 d6 6. Nf3 O-O 7. O-O Qe8 8. b3 c6
9. Qc2 Na6 10. Ba3 Bd7 11. Rae1 b5 12. Bc1 Rb8 13. a3 b4 14. Nb1 e5 15. c5 e4
16. Qc4+ Qf7 17. Qxf7+ Kxf7 18. Ng5+ Kg8 19. cxd6 bxa3 20. Nxa3 1/2-1/2

[Event "Bayern-chTT (RL Nord-West)"]
[Site "Bayern 2008/09"]
[Date "2009.03.01"]
[Round "7.4"]
[White "Gerlach-Buedinger, Manuela"]
[Black "Ersoez, Can"]
[Result "1/2-1/2"]
[WhiteElo "1975"]
[BlackElo "1883"]
[PlyCount "107"]
[EventDate "2009.03.??"]
[EventType "team-tourn"]
[EventRounds "9"]
[WhiteTeam "Obernau 1"]
[BlackTeam "Würzburg 2"]

1. d4 Nf6 2. Nf3 g6 3. Bf4 Bg7 4. c3 O-O 5. h3 d6 6. e3 Nc6 7. Be2 Nd7 8. O-O
e5 9. dxe5 Ndxe5 10. Nbd2 Qe7 11. Bg5 f6 12. Bh4 Be6 13. Nd4 Bf7 14. f4 Nxd4
15. exd4 Nd3 16. Bxd3 Qe3+ 17. Kh1 Qxd3 18. Rf3 Qa6 19. f5 Rae8 20. fxg6 Bxg6
21. Rf2 Re3 22. Nf1 Re4 23. Bg3 Rfe8 24. Qf3 Re2 25. Bh4 Rxf2 26. Bxf2 Qe2 27.
Re1 Qxb2 28. Rxe8+ Bxe8 29. Bh4 Bc6 30. d5 Bb5 31. Bxf6 Qb1 32. Bxg7 Qxf1+ 33.
Qxf1 Bxf1 34. Bf6 Bc4 35. Bd8 Bxd5 36. Bxc7 Bxa2 37. Bxd6 Kf7 38. Kg1 Ke6 39.
Bf4 Kd5 40. Kf2 Kc4 41. Be5 a5 42. Ke3 Bb1 43. Kd2 Kb3 44. Kc1 Be4 45. g3 a4
46. g4 a3 47. h4 b5 48. g5 Bg6 49. Bf6 a2 50. c4 bxc4 51. Kd2 Kb4 52. Bc3+ Kc5
53. Ke3 Kd5 54. Kf4 1/2-1/2

[Event "Bayern-chTT (RL Nord-West)"]
[Site "Bayern 2008/09"]
[Date "2009.03.01"]
[Round "7.5"]
[White "Posske, Thore"]
[Black "Schmitt, Dieter(54)"]
[Result "1/2-1/2"]
[WhiteElo "1939"]
[BlackElo "1950"]
[PlyCount "81"]
[EventDate "2009.03.??"]
[EventType "team-tourn"]
[EventRounds "9"]
[WhiteTeam "Würzburg 2"]
[BlackTeam "Obernau 1"]

1. d4 f5 2. e4 fxe4 3. Nc3 Nf6 4. Bg5 d5 5. Bxf6 exf6 6. Qh5+ g6 7. Qxd5 Bb4 8.
Qxe4+ Kf7 9. Bc4+ Kg7 10. Nge2 Nc6 11. O-O-O a6 12. g4 Re8 13. Qf4 b5 14. Bd5
Bb7 15. Qf3 Qd7 16. Nf4 Bd6 17. Nce2 Re7 18. Kb1 Rae8 19. h4 Bxf4 20. Nxf4 Nxd4
21. Rxd4 c6 22. Ne6+ Rxe6 23. Bxe6 Qxd4 24. Rd1 Qc5 25. Bd7 Re7 26. h5 Qg5 27.
hxg6 hxg6 28. Qg3 Qe5 29. Qf3 Qe4 30. Qxe4 Rxe4 31. Kc1 Kf7 32. g5 f5 33. f3
Re2 34. Rd6 Ke7 35. Rxg6 Kxd7 36. Rg7+ Kc8 37. Rf7 Rg2 38. Rxf5 Kc7 39. f4 Bc8
40. Rf6 Bg4 41. a3 1/2-1/2

[Event "Bayern-chTT (RL Nord-West)"]
[Site "Bayern 2008/09"]
[Date "2009.03.01"]
[Round "7.6"]
[White "Frankenberger, Ralf"]
[Black "Kinkelin, Ulrich"]
[Result "1/2-1/2"]
[WhiteElo "1913"]
[BlackElo "1899"]
[PlyCount "24"]
[EventDate "2009.03.??"]
[EventType "team-tourn"]
[EventRounds "9"]
[WhiteTeam "Obernau 1"]
[BlackTeam "Würzburg 2"]

1. d4 Nf6 2. Nf3 g6 3. c4 c5 4. d5 b5 5. cxb5 a6 6. bxa6 Bxa6 7. Nc3 Bg7 8. e4
d6 9. Bxa6 Nxa6 10. O-O O-O 11. Bg5 Qb6 12. Qc1 Rfb8 1/2-1/2

[Event "Bayern-chTT (RL Nord-West)"]
[Site "Bayern 2008/09"]
[Date "2009.03.01"]
[Round "7.7"]
[White "Bachmann, Wolfgang"]
[Black "Thomele, Michael"]
[Result "1-0"]
[WhiteElo "1903"]
[BlackElo "1890"]
[PlyCount "63"]
[EventDate "2009.03.??"]
[EventType "team-tourn"]
[EventRounds "9"]
[WhiteTeam "Würzburg 2"]
[BlackTeam "Obernau 1"]

1. d4 Nf6 2. Nf3 d5 3. Bg5 Bf5 4. c4 e6 5. Nc3 c6 6. Qb3 Qb6 7. Bxf6 gxf6 8. c5
Qc7 9. e3 Nd7 10. Nh4 Bg6 11. Nxg6 hxg6 12. g3 f5 13. Be2 Bg7 14. h4 e5 15.
O-O-O b6 16. cxb6 axb6 17. Kb1 exd4 18. exd4 O-O 19. h5 Rfd8 20. hxg6 fxg6 21.
Qc2 Nf6 22. g4 Ne4 23. Nxe4 fxe4 24. f3 exf3 25. Bxf3 Rd6 26. Qh2 Qd8 27. Rdf1
Rf6 28. g5 Rf5 29. Qh7+ Kf7 30. Bg4 Qg8 31. Rxf5+ gxf5 32. Qxf5+ 1-0

[Event "Bayern-chTT (RL Nord-West)"]
[Site "Bayern 2008/09"]
[Date "2009.03.01"]
[Round "7.8"]
[White "Becker, Thomas(60)"]
[Black "Helgert, Johannes"]
[Result "1/2-1/2"]
[WhiteElo "1806"]
[BlackElo "1666"]
[PlyCount "86"]
[EventDate "2009.03.??"]
[EventType "team-tourn"]
[EventRounds "9"]
[WhiteTeam "Obernau 1"]
[BlackTeam "Würzburg 2"]

1. c4 Nf6 2. Nc3 e6 3. d4 Bb4 4. Bd2 Nc6 5. Nf3 O-O 6. d5 exd5 7. cxd5 Ne7 8.
e3 Bxc3 9. Bxc3 Nexd5 10. Bd4 d6 11. Bc4 Nb6 12. Bd3 c5 13. Bc3 Nbd5 14. Qc2
Nxc3 15. Qxc3 Re8 16. O-O Bd7 17. Rfd1 Bc6 18. Ne1 Qe7 19. Qd2 Rad8 20. Rac1 d5
21. Qc2 b6 22. Bf1 Ne4 23. b3 Qf6 24. g3 d4 25. exd4 Rxd4 26. Rxd4 Qxd4 27. Rd1
Qe5 28. Nd3 Qf6 29. Re1 Ng5 30. Rxe8+ Bxe8 31. Ne1 Bc6 32. Bg2 Bxg2 33. Kxg2
Qe6 34. Qd2 Qe7 35. h4 Ne6 36. Qe3 h6 37. Nd3 Qb7+ 38. Kg1 Qd5 39. Ne5 Qd1+ 40.
Kg2 Qd5+ 41. Kg1 Qd1+ 42. Kg2 Qd4 43. Qe2 Qc3 1/2-1/2

[Event "Bayern-chTT (RL Nord-West)"]
[Site "Bayern 2008/09"]
[Date "2009.03.01"]
[Round "7.1"]
[White "Breithut, Kurt-Georg"]
[Black "Schindler, Viktor(58)"]
[Result "1/2-1/2"]
[WhiteElo "2129"]
[BlackElo "2161"]
[PlyCount "32"]
[EventDate "2009.03.??"]
[EventType "team-tourn"]
[EventRounds "9"]
[WhiteTeam "Bamberg-SC 2"]
[BlackTeam "Hof 1"]

1. d4 Nf6 2. g3 g6 3. Bg2 Bg7 4. c3 O-O 5. Qb3 a5 6. a4 c6 7. Nf3 d6 8. O-O
Nbd7 9. Re1 e5 10. Bg5 h6 11. Bxf6 Bxf6 12. Nbd2 Bg7 13. e4 Nb6 14. dxe5 dxe5
15. Nc4 Nxc4 16. Qxc4 Be6 1/2-1/2

[Event "Bayern-chTT (RL Nord-West)"]
[Site "Bayern 2008/09"]
[Date "2009.03.01"]
[Round "7.2"]
[White "Hertel, Hans"]
[Black "Schwalbe, Gerhard"]
[Result "1-0"]
[WhiteElo "2070"]
[BlackElo "2032"]
[PlyCount "69"]
[EventDate "2009.03.??"]
[EventType "team-tourn"]
[EventRounds "9"]
[WhiteTeam "Hof 1"]
[BlackTeam "Bamberg-SC 2"]

1. d4 Nf6 2. Bg5 b6 3. Nd2 Bb7 4. e3 d6 5. Ngf3 Nbd7 6. Bc4 h6 7. Bh4 e6 8. Qe2
Be7 9. O-O-O a6 10. e4 b5 11. Bb3 c5 12. e5 Nd5 13. Bxe7 Qxe7 14. Bxd5 Bxd5 15.
exd6 Qxd6 16. dxc5 Qxc5 17. Ne4 Qc6 18. Nd4 Qc7 19. Nc3 Qf4+ 20. Kb1 Bc4 21.
Qe1 b4 22. Nce2 Bxe2 23. Nxe2 Qe5 24. f4 Qb8 25. Qg3 g6 26. Nd4 Rg8 27. Rhe1
Nc5 28. Qh4 g5 29. Qh5 Rg6 30. f5 Rf6 31. fxe6 Kf8 32. Nc6 Qc7 33. e7+ Kg7 34.
Nd8 Ne6 35. e8=N+ 1-0

[Event "Bayern-chTT (RL Nord-West)"]
[Site "Bayern 2008/09"]
[Date "2009.03.01"]
[Round "7.3"]
[White "Saring, Christoph Dr"]
[Black "Shashkin, Igor"]
[Result "1/2-1/2"]
[WhiteElo "2005"]
[BlackElo "2035"]
[PlyCount "81"]
[EventDate "2009.03.??"]
[EventType "team-tourn"]
[EventRounds "9"]
[WhiteTeam "Bamberg-SC 2"]
[BlackTeam "Hof 1"]

1. c4 Nf6 2. Nc3 e5 3. d3 d5 4. cxd5 Nxd5 5. Nf3 Nc6 6. g3 Be7 7. Bg2 Be6 8.
O-O O-O 9. a3 a5 10. Qa4 Nb6 11. Qc2 a4 12. Be3 Bb3 13. Qc1 Nd5 14. Nxd5 Bxd5
15. Bc5 Na5 16. Bxe7 Qxe7 17. Qc3 Nb3 18. Rad1 Rfe8 19. Nd2 Nd4 20. Rfe1 Bxg2
21. Kxg2 Ra6 22. e3 Rc6 23. Qa5 Ra6 24. Qd5 c6 25. Qc4 Ne6 26. Nf3 Qd6 27. d4
e4 28. Nd2 Nc7 29. f3 exf3+ 30. Nxf3 Qg6 31. e4 Nb5 32. e5 Nc7 33. Nd2 b5 34.
Qc1 Qe6 35. Ne4 Qd5 36. Kg1 Ne6 37. Nd6 Rf8 38. Qe3 Ra7 39. h4 f6 40. Rd2 Rd7
41. Qe4 1/2-1/2

[Event "Bayern-chTT (RL Nord-West)"]
[Site "Bayern 2008/09"]
[Date "2009.03.01"]
[Round "7.5"]
[White "Denk, Stefan(79)"]
[Black "Verlatov, Artjom"]
[Result "1/2-1/2"]
[WhiteElo "1963"]
[BlackElo "2043"]
[PlyCount "53"]
[EventDate "2009.03.??"]
[EventType "team-tourn"]
[EventRounds "9"]
[WhiteTeam "Bamberg-SC 2"]
[BlackTeam "Hof 1"]

1. c4 f5 2. Nc3 Nf6 3. d4 g6 4. Bg5 Bg7 5. Qd2 O-O 6. h4 d6 7. O-O-O c6 8. h5
Nxh5 9. e4 fxe4 10. Nxe4 Qe8 11. f3 Qf7 12. Be3 Qe8 13. g4 d5 14. cxd5 cxd5 15.
gxh5 dxe4 16. Bc4+ e6 17. hxg6 Qc6 18. b3 b5 19. d5 Qc7 20. d6 Qc6 21. Rxh7
bxc4 22. Rxg7+ Kxg7 23. Bd4+ Rf6 24. Bxf6+ Kxf6 25. Qf4+ Kxg6 26. Qg4+ Kf6 27.
Qf4+ 1/2-1/2

[Event "Bayern-chTT (RL Nord-West)"]
[Site "Bayern 2008/09"]
[Date "2009.03.01"]
[Round "7.6"]
[White "Urytskyy, Michael"]
[Black "Weinberg, Wladimir"]
[Result "1-0"]
[WhiteElo "2003"]
[BlackElo "1923"]
[PlyCount "87"]
[EventDate "2009.03.??"]
[EventType "team-tourn"]
[EventRounds "9"]
[WhiteTeam "Hof 1"]
[BlackTeam "Bamberg-SC 2"]

1. e4 d6 2. d4 Nf6 3. Nc3 g6 4. h3 Bg7 5. Nf3 O-O 6. Be2 c6 7. Bg5 Qa5 8. O-O
e5 9. dxe5 dxe5 10. Qd6 Nbd7 11. Nd2 Ne8 12. Qd3 f6 13. Be3 Qc7 14. Rfd1 Nd6
15. Nb3 Nf7 16. Qc4 Nb6 17. Qc5 Nd7 18. Qe7 Qd8 19. Qxd8 Rxd8 20. Bc4 Re8 21.
Na5 Nb6 22. Bb3 Bf8 23. a3 Kg7 24. Rd2 Nd8 25. Rad1 Ne6 26. Ba2 f5 27. f3 f4
28. Bf2 Kf6 29. Kf1 g5 30. b4 Be7 31. Ne2 h5 32. c4 c5 33. Nc3 Nd4 34. Nd5+
Nxd5 35. cxd5 cxb4 36. Bxd4 exd4 37. Rxd4 b6 38. e5+ Kxe5 39. Nc4+ Kf6 40. d6
bxa3 41. dxe7 Rxe7 42. Rd8 Bb7 43. R1d6+ Kg7 44. R6d7 1-0